Balance of Payments Statistics Yearbook 2000 Part 2: World and Regional Tables
Guardado en:
| Formato: | Libro |
|---|---|
| Lenguaje: | inglés |
| Publicado: |
Washington
International Monetary Fund
2000
|
| Materias: | |
| Etiquetas: |
Sin Etiquetas, Sea el primero en etiquetar este registro!
|
MARC
| LEADER | 00000nam a2200000 4500 | ||
|---|---|---|---|
| 001 | c123895 | ||
| 005 | 20251103105734.3 | ||
| 020 | |a 1-55775-932-4 | ||
| 022 | |a 0252-3035 | ||
| 041 | 0 | |a eng | |
| 044 | |a US | ||
| 245 | 1 | 0 | |a Balance of Payments Statistics Yearbook 2000 |b Part 2: World and Regional Tables |
| 264 | 1 | |a Washington |b International Monetary Fund |c 2000 | |
| 300 | |a 358 s. | ||
| 610 | 2 | 0 | |a bilancia platobná |
| 610 | 2 | 0 | |a Medzinárodný menový fond |